| 000 | 00581nam a22001937a 4500 | ||
|---|---|---|---|
| 008 | 230515nuuuuuuuuag ||||| |||| 00| 0 spa d | ||
| 100 | 1 | _aBraun, Oscar | |
| 245 | 1 | 0 |
_aComercio Internacional e Imperialismo / _cOscar Braun. |
| 260 |
_aBuenos Aires, _aMéxico, _aMadrid : _b[editor no identificado], _c[fecha de publicación no identificada] |
||
| 300 |
_a129 páginas : _bgráficos |
||
| 942 | _cLIBRO | ||
| 003 | AR-BaAGN | ||
| 005 | 20230517144005.0 | ||
| 007 | ta | ||
| 040 |
_aAR-BaAGN _bspa _eaacr |
||
| 336 |
_2rdacontent _btxt |
||
| 337 |
_2rdamedia _bn |
||
| 338 |
_2rdacarrier _bnc |
||
| 999 |
_c48250 _d48250 |
||